| 000 | 00673nam a2200241Ia 4500 | ||
|---|---|---|---|
| 003 | OSt | ||
| 005 | 20220925220155.0 | ||
| 006 | a|||||r|||| 00| 0 | ||
| 007 | ta | ||
| 008 | 220923b |||||||| |||| 00| 0 eng d | ||
| 037 | _cGeneral Book | ||
| 040 |
_aRTL _cRTL _beng |
||
| 041 |
_2eng _aeng |
||
| 082 | _aX:8H, L7 | ||
| 100 |
_aGorbett Peter _9284298 |
||
| 245 | 0 | _aAccounting and decision making | |
| 260 |
_aLondon _bLongman UK _c1977 |
||
| 300 |
_axi, 207p. Glossary p 198-202 _ccm. |
||
| 490 | _a(Understanding business series | ||
| 650 |
_aAccounting _9151506 |
||
| 942 |
_hX:8H, L7 _cGB _2CC |
||
| 999 |
_c570719 _d570719 |
||